Tondelli : il mestiere di scrittore : un libro-intervista /
Guardat en:
| Autors principals: | , |
|---|---|
| Altres autors: | |
| Format: | Llibre |
| Idioma: | italià |
| Publicat: |
Roma \etc.! :
Theoria,
1997
|
| Col·lecció: | Ritmi ;
66 |
| Matèries: | |
| Etiquetes: |
Sense etiquetes, Sigues el primer a etiquetar aquest registre!
|
MARC
| LEADER | 00000nam a2200000 i 4500 | ||
|---|---|---|---|
| 001 | IT\ICCU\REA\0039427 | ||
| 003 | ItRI | ||
| 005 | 20260115231904.0 | ||
| 008 | 970731s1997 it |||||| ||||| |||||c | ||
| 015 | |2 IT |a 98-3443 | ||
| 020 | |a 8824105246 | ||
| 040 | |b ita |c importazione bologna sebina | ||
| 041 | 7 | |a ita |2 ISO-639-2 | |
| 082 | |a 853.914 |9 NARRATIVA ITALIANA. 1945- |2 20 | ||
| 100 | 1 | |a Panzeri, Fulvio |0 IT\ICCU\CFIV\085508 |4 aut | |
| 245 | 1 | 0 | |a Tondelli : |b il mestiere di scrittore : un libro-intervista / |c Fulvio Panzeri, Generoso Picone. |
| 246 | 1 | 3 | |a Pier Vittorio Tondelli. |9 IT\ICCU\CFI\0376525 |
| 260 | |a Roma \etc.! : |b Theoria, |c 1997 | ||
| 300 | |a 187 p. ; |c 18 cm | ||
| 500 | |a Bibliografia a pag. 145-187. | ||
| 500 | |a Tit. in cop. |0 IT\ICCU\CFI\0376525 | ||
| 650 | 7 | |a Tondelli, Pier Vittorio |x Interviste |2 scbi | |
| 700 | 1 | |a Picone, Generoso |0 IT\ICCU\REAV\094009 |4 aut | |
| 700 | 1 | |a Tondelli, Pier Vittorio |0 IT\ICCU\CFIV\016813 | |
| 830 | 0 | |a Ritmi ; |v 66 |0 IT\ICCU\VIA\0043812 | |
| 942 | |2 ddc |c BK |n 0 | ||
| 952 | |0 0 |1 0 |4 0 |6 DOC_853_914000000000000_PAN |7 0 |9 15454 |a BO |b BO |d 2026-01-15 |i 7420 |l 0 |o DOC 853.914 PAN |p BO7420 |r 2026-01-15 23:19:04 |w 2026-01-15 |x [Sebina 5] [1 v.] |y BK |z 1 v. | ||
| 999 | |c 13304 |d 13304 | ||